[Event "EU-ch Union SCIPT 15th"]
[Site "Porto"]
[Date "2007.09.13"]
[Round "5"]
[White "Stypka, Mieczyslaw"]
[Black "Sugar, Karoly"]
[Result "1/2-1/2"]
[WhiteElo "2222"]
[BlackElo "2151"]
[PlyCount "62"]
[EventDate "2007.09.10"]
[EventType "team-swiss"]
[EventRounds "9"]
[EventCountry "POR"]
[SourceTitle "EXT 2016"]
[Source "ChessBase"]
[SourceDate "2015.10.08"]
[SourceVersion "1"]
[SourceVersionDate "2015.10.08"]
[SourceQuality "1"]

1. e4 e5 2. Nf3 Nc6 3. Bb5 a6 4. Ba4 Nf6 5. d4 exd4 6. 0-0 Be7 7. e5 Ne4 8. Nxd4 Nxd4 9. Qxd4 Nc5 10. Nc3 Nxa4 11. Qxa4 0-0 12. Nd5 d6 13. Nxe7+ Qxe7 14. exd6 cxd6 15. Bf4 d5 16. Qb3 Qe4 17. Bd6 Re8 18. Rad1 Be6 19. Rd2 d4 20. Qd3 Qxd3 21. cxd3 Bxa2 22. f4 Rad8 23. Bc5 f6 24. Ra1 Bf7 25. Ra4 Bg6 26. Kf2 Rd5 27. Bb6 Re6 28. Rxd4 Rxd4 29. Bxd4 Rd6 30. Ke3 Re6+ 31. Kf2 Rd6 1/2-1/2

[Event "POL-chT 60th"]
[Site "Dzwirzyno"]
[Date "2004.09.11"]
[Round "8"]
[White "Stypka, Mieczyslaw"]
[Black "Kempinski, Tomasz"]
[Result "1-0"]
[WhiteElo "2212"]
[BlackElo "2151"]
[PlyCount "71"]
[EventDate "2004.09.04"]
[EventType "team-tourn"]
[EventRounds "9"]
[EventCountry "POL"]
[SourceTitle "EXT 2019"]
[Source "ChessBase"]
[SourceDate "2018.10.10"]
[SourceVersion "1"]
[SourceVersionDate "2018.10.10"]
[SourceQuality "1"]
[WhiteTeam "Poznan Pocztowiec"]
[BlackTeam "Gdanski Jantar Pruszcz"]
[WhiteTeamCountry "POL"]
[BlackTeamCountry "POL"]

1. e4 c5 2. Nf3 g6 3. d4 Bg7 4. c4 cxd4 5. Nxd4 Nc6 6. Be3 Nf6 7. Nc3 0-0 8. Be2 d6 9. 0-0 Bd7 10. Qd2 Nxd4 11. Bxd4 Bc6 12. Bd3 a5 13. Rfe1 Nd7 14. Bxg7 Kxg7 15. Re3 Nc5 16. Rh3 Rh8 17. Rd1 Qb6 18. Bb1 Qb4 19. Qe2 Ne6 20. a3 Qc5 21. Re3 a4 22. Qd3 Ra5 23. Nd5 Re8 24. Qc3+ f6 25. Rf3 Ng5 26. Rxf6 exf6 27. Qxf6+ Kh6 28. h4 Ne6 29. Ne3 Qb6 30. Rd5 Rxd5 31. exd5 Qd8 32. Nf5+ Kh5 33. Ng3+ Kg4 34. Bf5+ gxf5 35. Qxf5+ Kxh4 36. Qh5# 1-0

[Event "POL-ch sf"]
[Site "Lubniewice"]
[Date "2002.12.08"]
[Round "9"]
[White "Stypka, Mieczyslaw"]
[Black "Koszela, Stanislaw"]
[Result "1/2-1/2"]
[WhiteElo "2258"]
[BlackElo "2026"]
[PlyCount "45"]
[EventDate "2002.11.30"]
[EventType "swiss"]
[EventRounds "9"]
[EventCountry "POL"]
[SourceTitle "CBM 091 Extra"]
[Source "ChessBase"]
[SourceDate "2003.01.09"]
[SourceVersion "1"]
[SourceVersionDate "2003.01.09"]
[SourceQuality "1"]

1. e4 e5 2. Nf3 Nc6 3. Bb5 a6 4. Ba4 Nf6 5. d4 Be7 6. 0-0 0-0 7. d5 Nb8 8. Nxe5 Nxe4 9. c4 d6 10. Nf3 Bg4 11. Bc2 Ng5 12. Qd3 g6 13. Nd4 c5 14. Ne2 Bf5 15. Qb3 Bxc2 16. Qxc2 h5 17. Nbc3 Nh7 18. Bd2 Nd7 19. Rae1 Ndf6 20. a4 Qc7 21. b3 Rae8 22. Ng3 Kg7 23. Re2 1/2-1/2

[Event "Jesenik op"]
[Site "Jesenik"]
[Date "1999.??.??"]
[Round "?"]
[White "Janocha, Wieslaw Adam"]
[Black "Stypka, Mieczyslaw"]
[Result "1/2-1/2"]
[WhiteElo "2330"]
[BlackElo "2245"]
[PlyCount "23"]
[EventDate "1999.??.??"]
[EventType "swiss"]
[EventRounds "9"]
[EventCountry "CZE"]
[SourceTitle "EXT 2000"]
[Source "ChessBase"]
[SourceDate "1999.11.16"]
[SourceVersion "1"]
[SourceVersionDate "1999.11.16"]
[SourceQuality "1"]

1. e4 c5 2. Nf3 d6 3. d4 cxd4 4. Nxd4 Nf6 5. Nc3 a6 6. Bg5 e6 7. f4 Qb6 8. Nb3 Nbd7 9. Qe2 Qc7 10. f5 Be7 11. g3 e5 12. 0-0-0 1/2-1/2

[Event "MK Cafe Cup-A"]
[Site "Koszalin"]
[Date "1997.08.10"]
[Round "9"]
[White "Stypka, Mieczyslaw"]
[Black "Walach, Marcin"]
[Result "1/2-1/2"]
[WhiteElo "2215"]
[BlackElo "2295"]
[PlyCount "35"]
[EventDate "1997.08.03"]
[EventType "swiss"]
[EventRounds "10"]
[EventCountry "POL"]
[SourceTitle "CBM 059 Extra"]
[Source "ChessBase"]
[SourceDate "1997.09.26"]
[SourceVersion "1"]
[SourceVersionDate "1997.09.26"]
[SourceQuality "1"]

1. e4 c5 2. Nf3 Nc6 3. d4 cxd4 4. Nxd4 g6 5. c4 Bg7 6. Be3 Nf6 7. Nc3 0-0 8. Be2 d6 9. 0-0 Bd7 10. Re1 Nxd4 11. Bxd4 Bc6 12. Bd3 a5 13. Qd2 Nd7 14. Bxg7 Kxg7 15. Re3 h6 16. Rh3 h5 17. Rxh5 gxh5 18. Qg5+ 1/2-1/2

[Event "MK Cafe Cup-A"]
[Site "Koszalin"]
[Date "1997.08.04"]
[Round "2"]
[White "Markowski, Damian"]
[Black "Stypka, Mieczyslaw"]
[Result "1-0"]
[WhiteElo "2305"]
[BlackElo "2215"]
[PlyCount "120"]
[EventDate "1997.08.03"]
[EventType "swiss"]
[EventRounds "10"]
[EventCountry "POL"]
[SourceTitle "CBM 059 Extra"]
[Source "ChessBase"]
[SourceDate "1997.09.26"]
[SourceVersion "1"]
[SourceVersionDate "1997.09.26"]
[SourceQuality "1"]

1. e4 c5 2. Nf3 d6 3. Bb5+ Bd7 4. a4 Nc6 5. 0-0 Nf6 6. Re1 e6 7. c3 Be7 8. d4 a6 9. Bf1 cxd4 10. cxd4 d5 11. e5 Ne4 12. Nbd2 Nxd2 13. Bxd2 Qb6 14. a5 Qd8 15. Qb3 Rb8 16. Qe3 Na7 17. Bd3 Rc8 18. Qf4 Bb5 19. Bb1 h6 20. Qg4 Kf8 21. h4 Nc6 22. Qf4 Ke8 23. Bc3 Bb4 24. Rc1 Be7 25. Qg4 Kf8 26. Kh2 Nb4 27. Ne1 Nc6 28. h5 Qd7 29. Bd3 Na7 30. Bc2 Nc6 31. Nd3 Bxd3 32. Bxd3 Nb4 33. Be2 Nc6 34. Qg3 f5 35. f4 Qe8 36. Rab1 Rg8 37. Qh3 g5 38. hxg6 Qxg6 39. Rg1 h5 40. Bxh5 Qh6 41. g4 Rh8 42. Kg3 fxg4 43. Bxg4 Qg7 44. Qf1 Rh4 45. Qf3 Kf7 46. f5 Rg8 47. fxe6+ Ke8 48. Qf7+ Qxf7 49. exf7+ Kxf7 50. Kf3 Bb4 51. Be6+ Kxe6 52. Rxg8 Nxd4+ 53. Kg2 Bxc3 54. bxc3 Nb5 55. Re1 Nxc3 56. Rg6+ Ke7 57. Rb6 Ne4 58. Rc1 Rg4+ 59. Kf3 Rh4 60. Rc7+ Kd8 1-0

[Event "MK Cafe Cup-A"]
[Site "Koszalin"]
[Date "1997.08.04"]
[Round "3"]
[White "Stypka, Mieczyslaw"]
[Black "Ferenc, Jozef"]
[Result "0-1"]
[WhiteElo "2215"]
[BlackElo "2280"]
[PlyCount "80"]
[EventDate "1997.08.03"]
[EventType "swiss"]
[EventRounds "10"]
[EventCountry "POL"]
[SourceTitle "CBM 059 Extra"]
[Source "ChessBase"]
[SourceDate "1997.09.26"]
[SourceVersion "1"]
[SourceVersionDate "1997.09.26"]
[SourceQuality "1"]

1. e4 d6 2. d4 Nf6 3. Nc3 g6 4. g3 Bg7 5. Bg2 c6 6. Nge2 0-0 7. 0-0 Qc7 8. h3 e5 9. Bg5 b5 10. Qd2 Re8 11. a3 a6 12. f4 exd4 13. Nxd4 Bb7 14. Rad1 c5 15. Ndxb5 axb5 16. Nxb5 Qc6 17. Nxd6 Nxe4 18. Nxe8 Qxe8 19. Qd8 Nc6 20. Qc7 Rb8 21. Rfe1 Nd4 22. c3 Ne6 23. Qa5 f5 24. g4 Qc6 25. a4 h6 26. gxf5 gxf5 27. Bh4 Nxf4 28. Rd8+ Rxd8 29. Qxd8+ Kh7 30. Bxe4 fxe4 31. Kh2 Qxa4 32. Qd2 e3 33. Qxe3 Qc2+ 34. Bf2 Qf5 35. Rg1 Be5 36. Rg4 Nd5+ 37. Qxe5 Qxe5+ 38. Rg3 Nf4 39. Re3 Qd5 40. Re7+ Kg6 0-1

[Event "MK Cafe Cup-A"]
[Site "Koszalin"]
[Date "1997.08.03"]
[Round "1"]
[White "Stypka, Mieczyslaw"]
[Black "Shishkin, Vadim"]
[Result "0-1"]
[WhiteElo "2215"]
[BlackElo "2405"]
[PlyCount "122"]
[EventDate "1997.08.03"]
[EventType "swiss"]
[EventRounds "10"]
[EventCountry "POL"]
[SourceTitle "CBM 059 Extra"]
[Source "ChessBase"]
[SourceDate "1997.09.26"]
[SourceVersion "1"]
[SourceVersionDate "1997.09.26"]
[SourceQuality "1"]

1. e4 c5 2. Nf3 Nc6 3. d4 cxd4 4. Nxd4 Nf6 5. Nc3 d6 6. Bg5 e6 7. Qd2 a6 8. 0-0-0 Bd7 9. f3 h6 10. Be3 Rc8 11. g4 Ne5 12. h4 g6 13. g5 Nh5 14. f4 Ng4 15. Be2 e5 16. Bxg4 Bxg4 17. Rdg1 Bd7 18. Nd5 Bc6 19. Ne2 Bxd5 20. Qxd5 Qc7 21. c3 Qc6 22. Qxc6+ bxc6 23. f5 gxf5 24. exf5 d5 25. Rg4 Kd7 26. Rf1 hxg5 27. hxg5 Bd6 28. Kd2 Ng7 29. Bg1 Rh3 30. Ng3 c5 31. c4 Rb8 32. b3 dxc4 33. bxc4 Rb2+ 34. Kc1 Rg2 35. Bf2 Nxf5 36. Ne4 Rxg4 37. Nf6+ Ke6 38. Nxg4 Rf3 39. Rg1 Rc3+ 40. Kb1 Rxc4 41. Be1 Be7 42. Nf2 Nh4 43. Rg3 Bxg5 44. Rxg5 Nf3 45. Rg3 Nxe1 46. Ra3 f5 47. Rxa6+ Kd5 48. Rf6 f4 49. a3 Nc2 50. Ng4 Ne3 51. Nh6 Rd4 52. Nf7 Rd1+ 53. Ka2 Nc4 54. a4 Rd2+ 55. Kb1 Rb2+ 56. Kc1 Ra2 57. Kd1 Kd4 58. Ke1 Ke3 59. Kf1 f3 60. Kg1 e4 61. Ng5 Rg2+ 0-1

[Event "Poznan Pocztowiec-ch"]
[Site "Poznan"]
[Date "1997.??.??"]
[Round "1"]
[White "Stypka, Mieczyslaw"]
[Black "Kotarba, Marcin"]
[Result "1/2-1/2"]
[WhiteElo "2215"]
[BlackElo "2245"]
[PlyCount "34"]
[EventDate "1997.??.??"]
[EventType "tourn"]
[EventRounds "9"]
[EventCountry "POL"]
[EventCategory "3"]
[SourceTitle "EXT 2006"]
[Source "ChessBase"]
[SourceDate "2005.11.24"]
[SourceVersion "1"]
[SourceVersionDate "2005.11.24"]
[SourceQuality "1"]

1. e4 d6 2. d4 Nf6 3. Nc3 e5 4. Nf3 Nbd7 5. Bc4 Be7 6. 0-0 0-0 7. a4 c6 8. h3 exd4 9. Nxd4 Nxe4 10. Nxe4 d5 11. Bd3 dxe4 12. Bxe4 Nc5 13. Bf3 Bf6 14. Be3 Ne6 15. Nxe6 Bxe6 16. c3 Qc7 17. Qc2 a5 1/2-1/2

[Event "Poznan Pocztowiec-ch"]
[Site "Poznan"]
[Date "1997.??.??"]
[Round "3"]
[White "Stypka, Mieczyslaw"]
[Black "Stempin, Pawel"]
[Result "1/2-1/2"]
[WhiteElo "2215"]
[BlackElo "2425"]
[PlyCount "94"]
[EventDate "1997.??.??"]
[EventType "tourn"]
[EventRounds "9"]
[EventCountry "POL"]
[EventCategory "3"]
[SourceTitle "EXT 2006"]
[Source "ChessBase"]
[SourceDate "2005.11.24"]
[SourceVersion "1"]
[SourceVersionDate "2005.11.24"]
[SourceQuality "1"]

1. e4 d5 2. exd5 Qxd5 3. Nc3 Qa5 4. d4 Nf6 5. Nf3 c6 6. Bc4 Bf5 7. Ne5 e6 8. g4 Be4 9. 0-0 Bd5 10. Nxd5 cxd5 11. Bb3 Bd6 12. Re1 Nc6 13. Bf4 Bxe5 14. Bxe5 Nxe5 15. Rxe5 Nd7 16. Rh5 g6 17. Rh3 Qb6 18. Ba4 0-0-0 19. Rb3 Qd6 20. Qf3 Nb6 21. Bb5 f5 22. gxf5 gxf5 23. a4 Na8 24. c4 Rhg8+ 25. Kh1 Rg4 26. cxd5 Qxd5 27. Rc1+ Nc7 28. Qxd5 Rxd5 29. Be2 Rg7 30. Bf3 Rxd4 31. Bxb7+ Kd7 32. Bf3 Kd6 33. Rb7 Rd3 34. Rc6+ Ke5 35. Rcxc7 Rxc7 36. Rxc7 Rxf3 37. Kg2 Rb3 38. Rxh7 Rxb2 39. Rxa7 Kf4 40. Rc7 e5 41. Rc3 Ra2 42. Rc4+ e4 43. Rb4 Kg5 44. Rc4 Kg4 45. Rb4 Kf4 46. Rc4 Ke5 47. Rc5+ Kf4 1/2-1/2

[Event "Poznan Pocztowiec-ch"]
[Site "Poznan"]
[Date "1997.??.??"]
[Round "8"]
[White "Twardowski, Lukasz"]
[Black "Stypka, Mieczyslaw"]
[Result "1-0"]
[WhiteElo "2370"]
[BlackElo "2215"]
[PlyCount "61"]
[EventDate "1997.??.??"]
[EventType "tourn"]
[EventRounds "9"]
[EventCountry "POL"]
[EventCategory "3"]
[SourceTitle "EXT 2006"]
[Source "ChessBase"]
[SourceDate "2005.11.24"]
[SourceVersion "1"]
[SourceVersionDate "2005.11.24"]
[SourceQuality "1"]

1. e4 c5 2. c3 Nf6 3. e5 Nd5 4. d4 cxd4 5. cxd4 d6 6. Nf3 Nc6 7. exd6 e6 8. Nc3 Qxd6 9. Bd3 Be7 10. 0-0 0-0 11. Ne4 Qd8 12. a3 b6 13. Neg5 g6 14. Ne4 Bb7 15. Bh6 Re8 16. Rc1 a6 17. Qe2 b5 18. Nc5 Qb8 19. b4 Ra7 20. Be4 Rd8 21. Nxe6 fxe6 22. Bxd5 exd5 23. Qe6+ Kh8 24. Qf7 Rg8 25. Ne5 Bg5 26. Bxg5 Rg7 27. Bf6 Qg8 28. Bxg7+ Qxg7 29. Qxd5 Ne7 30. Qd8+ Ng8 31. Rc7 1-0

[Event "POL-chT 51st"]
[Site "Lubniewice"]
[Date "1995.09.??"]
[Round "11"]
[White "Stypka, Mieczyslaw"]
[Black "Dubiel, Jacek"]
[Result "1/2-1/2"]
[WhiteElo "2235"]
[BlackElo "2360"]
[PlyCount "63"]
[EventDate "1995.09.14"]
[EventType "team-tourn"]
[EventRounds "11"]
[EventCountry "POL"]
[SourceTitle "EXT 2019"]
[Source "ChessBase"]
[SourceDate "2018.10.10"]
[SourceVersion "1"]
[SourceVersionDate "2018.10.10"]
[SourceQuality "1"]
[WhiteTeam "Poznan Pocztowiec"]
[BlackTeam "Zabrze Gornik"]
[WhiteTeamCountry "POL"]
[BlackTeamCountry "POL"]

1. e4 e5 2. Nf3 Nc6 3. Bb5 a6 4. Ba4 Nf6 5. d4 exd4 6. 0-0 Be7 7. e5 Ne4 8. Nxd4 Nxd4 9. Qxd4 Nc5 10. Nc3 0-0 11. Nd5 b6 12. Bb3 Nxb3 13. axb3 Bb7 14. Bf4 Bc5 15. Qd2 Bxd5 16. Qxd5 d6 17. exd6 Bxd6 18. Bxd6 Qxd6 19. Qxd6 cxd6 20. Rfd1 Rfd8 21. c3 a5 22. Rd4 Kf8 23. Kf1 Ke7 24. Re1+ Kd7 25. Re3 Re8 26. Rh3 h6 27. Rg4 Rg8 28. Rd3 Rae8 29. b4 axb4 30. Rxb4 Kc6 31. Rc4+ Kd7 32. Rb4 1/2-1/2

[Event "POL-chT 51st"]
[Site "Lubniewice"]
[Date "1995.09.??"]
[Round "6"]
[White "Stypka, Mieczyslaw"]
[Black "Ziembinski, Marian"]
[Result "1/2-1/2"]
[WhiteElo "2235"]
[BlackElo "2235"]
[PlyCount "41"]
[EventDate "1995.09.14"]
[EventType "team-tourn"]
[EventRounds "11"]
[EventCountry "POL"]
[SourceTitle "EXT 2019"]
[Source "ChessBase"]
[SourceDate "2018.10.10"]
[SourceVersion "1"]
[SourceVersionDate "2018.10.10"]
[SourceQuality "1"]
[WhiteTeam "Poznan Pocztowiec"]
[BlackTeam "Warszawa Maraton"]
[WhiteTeamCountry "POL"]
[BlackTeamCountry "POL"]

1. e4 e5 2. Nf3 Nc6 3. Bb5 a6 4. Ba4 Nf6 5. d4 exd4 6. 0-0 Be7 7. Re1 d6 8. Nxd4 Bd7 9. Nxc6 bxc6 10. Nc3 0-0 11. Bg5 h6 12. Bh4 Nh7 13. Bxe7 Qxe7 14. Qd4 Ng5 15. Qc4 Qe8 16. Rad1 Ne6 17. b4 a5 18. b5 cxb5 19. Bxb5 Bxb5 20. Nxb5 a4 21. Qf1 1/2-1/2

[Event "Kiekrz op"]
[Site "Kiekrz"]
[Date "1995.??.??"]
[Round "4"]
[White "Boe, Mads"]
[Black "Stypka, Mieczyslaw"]
[Result "1-0"]
[WhiteElo "2315"]
[BlackElo "2235"]
[PlyCount "93"]
[EventDate "1995.??.??"]
[EventType "swiss"]
[EventRounds "7"]
[EventCountry "BEL"]
[SourceTitle "EXT 1998"]
[Source "ChessBase"]
[SourceDate "1997.11.17"]
[SourceVersion "1"]
[SourceVersionDate "1997.11.17"]
[SourceQuality "1"]

1. e4 c5 2. c3 Nf6 3. e5 Nd5 4. d4 cxd4 5. cxd4 d6 6. Nf3 Nc6 7. Nc3 dxe5 8. dxe5 Nxc3 9. Qxd8+ Nxd8 10. bxc3 Bd7 11. Be3 e6 12. Nd4 Rc8 13. Rb1 a6 14. Kd2 Rc5 15. f4 Ra5 16. Bc4 Rc5 17. Bd3 Ra5 18. Ra1 f6 19. exf6 gxf6 20. g3 Be7 21. Rhe1 Kf7 22. Bc4 Bc5 23. f5 Bxd4 24. Bxd4 Rxf5 25. g4 Rg5 26. Rf1 Rg6 27. g5 Rhg8 28. Bxf6 Ke8 29. h4 Bb5 30. Bxb5+ axb5 31. Rab1 Rf8 32. Ke3 Rf7 33. Rxb5 Rd7 34. Rfb1 Rc7 35. R1b3 Rc4 36. R5b4 Rc7 37. Rb6 Rd7 38. R6b4 Rc7 39. a4 Rg8 40. a5 Rf8 41. Bxd8 Kxd8 42. Rxb7 Kd7 43. a6 Ra8 44. Rxc7+ Kxc7 45. Ra3 Ra7 46. Ke4 Kd6 47. h5 1-0

[Event "Kiekrz op"]
[Site "Kiekrz"]
[Date "1995.??.??"]
[Round "3"]
[White "Stypka, Mieczyslaw"]
[Black "Ahlander, Bjorn"]
[Result "0-1"]
[WhiteElo "2235"]
[BlackElo "2400"]
[PlyCount "72"]
[EventDate "1995.??.??"]
[EventType "swiss"]
[EventRounds "7"]
[EventCountry "BEL"]
[SourceTitle "EXT 1998"]
[Source "ChessBase"]
[SourceDate "1997.11.17"]
[SourceVersion "1"]
[SourceVersionDate "1997.11.17"]
[SourceQuality "1"]

1. e4 c5 2. Nf3 e6 3. d4 cxd4 4. Nxd4 Nf6 5. Nc3 d6 6. Be2 Be7 7. 0-0 a6 8. f4 Nc6 9. Kh1 0-0 10. Nxc6 bxc6 11. e5 Ne8 12. Be3 Qc7 13. Bd3 g6 14. exd6 Nxd6 15. Ne4 Nf5 16. Bg1 c5 17. b3 Bb7 18. Qe1 Qc6 19. Qe2 Rad8 20. Rae1 Nd4 21. Qf2 Rd7 22. Nd2 Bh4 23. Be4 Bxf2 24. Bxc6 Bxe1 25. Bxd7 Bxd2 26. Rd1 Bxf4 27. c3 Nf5 28. Bxc5 Rd8 29. Bb6 Rb8 30. Ba7 Ra8 31. Bb6 Be3 32. Bc7 Nh4 33. h3 Nxg2 34. c4 Bf4 35. Bxf4 Nxf4+ 36. Kh2 Rd8 0-1

[Event "Kiekrz op"]
[Site "Kiekrz"]
[Date "1995.??.??"]
[Round "1"]
[White "Stypka, Mieczyslaw"]
[Black "Casagrande, Harald"]
[Result "0-1"]
[WhiteElo "2235"]
[BlackElo "2385"]
[PlyCount "82"]
[EventDate "1995.??.??"]
[EventType "swiss"]
[EventRounds "7"]
[EventCountry "BEL"]
[SourceTitle "EXT 1998"]
[Source "ChessBase"]
[SourceDate "1997.11.17"]
[SourceVersion "1"]
[SourceVersionDate "1997.11.17"]
[SourceQuality "1"]

1. e4 d5 2. exd5 Nf6 3. d4 Nxd5 4. Nf3 g6 5. Be2 Bg7 6. 0-0 0-0 7. Na3 a6 8. Nc4 b5 9. Nce5 Bb7 10. c4 bxc4 11. Bxc4 Nc6 12. Re1 e6 13. Bg5 Qd6 14. Rc1 h6 15. Bh4 Nxe5 16. dxe5 Qb4 17. Qb3 Qxb3 18. Bxb3 Rfc8 19. Bg3 a5 20. Nd4 a4 21. Bc4 a3 22. b3 c6 23. Ne2 Bf8 24. Red1 Rd8 25. Bh4 g5 26. Bg3 Be7 27. Bd3 Nb4 28. Bb1 Bc5 29. Re1 Bb6 30. Nc3 Rd2 31. Ne4 Rb2 32. Rc4 Nxa2 33. Nf6+ Kg7 34. Bxa2 Rxa2 35. Rb4 Ba5 36. Rxb7 Bxe1 37. h4 Rxf2 38. Bxf2 Bxf2+ 39. Kxf2 a2 40. Ne4 a1Q 41. Nd6 Qd4+ 0-1

[Event "Kiekrz op"]
[Site "Kiekrz"]
[Date "1995.??.??"]
[Round "6"]
[White "Stypka, Mieczyslaw"]
[Black "Matthey, Philippe"]
[Result "1-0"]
[WhiteElo "2235"]
[BlackElo "2190"]
[PlyCount "153"]
[EventDate "1995.??.??"]
[EventType "swiss"]
[EventRounds "7"]
[EventCountry "BEL"]
[SourceTitle "EXT 1998"]
[Source "ChessBase"]
[SourceDate "1997.11.17"]
[SourceVersion "1"]
[SourceVersionDate "1997.11.17"]
[SourceQuality "1"]

1. e4 e6 2. d4 d5 3. Nd2 Nf6 4. e5 Nfd7 5. Bd3 c5 6. c3 Nc6 7. Ne2 cxd4 8. cxd4 Qb6 9. Nf3 f6 10. exf6 Nxf6 11. 0-0 Bd6 12. Nc3 a6 13. Be3 Qc7 14. Rc1 0-0 15. h3 Bd7 16. a3 Rae8 17. Bb1 Bc8 18. Qd3 Bf4 19. Rfe1 g6 20. Rcd1 Nh5 21. Ba2 Kh8 22. Qd2 Qd8 23. Ne2 Bb8 24. Nh2 Qd6 25. Nf1 Rf7 26. Nfg3 Nxg3 27. Nxg3 Bd7 28. Bb1 Ne7 29. Bd3 Nf5 30. Nf1 Nxe3 31. Qxe3 Qf4 32. Be2 Qf6 33. Bf3 Ba4 34. b3 Bd7 35. Nh2 h5 36. Nf1 Rc8 37. Qd2 Bd6 38. Qb2 Qg5 39. Re3 Rcf8 40. Nh2 Qe7 41. a4 Bb8 42. Nf1 Qd6 43. Qb1 Rf5 44. Ng3 Rg5 45. Nf1 Qf4 46. Qb2 Qf6 47. Nh2 Rf5 48. Qc3 Rf4 49. Qb4 b5 50. axb5 Bxb5 51. Qc5 Qf7 52. Qb6 Rf6 53. Qc5 Qd7 54. Rde1 Bd6 55. Qb6 Rb8 56. Qa5 Bf4 57. Qc3 Rc8 58. Qd2 Qc7 59. g3 Bh6 60. Bg2 Bxe3 61. Qxe3 Kg7 62. Nf3 Qc2 63. Ng5 Bd7 64. Bxd5 Rc3 65. Qe2 Qxe2 66. Rxe2 Rd3 67. Bc4 Rxd4 68. Bxa6 Rd1+ 69. Kg2 Bc6+ 70. f3 Bd5 71. Bc4 Bxc4 72. bxc4 Rc1 73. c5 Kg8 74. Nxe6 Rc3 75. f4 Kf7 76. Ng5+ Kg8 77. Ne4 1-0

[Event "Polanica Zdroj op"]
[Site "Polanica Zdroj"]
[Date "1995.??.??"]
[Round "2"]
[White "Stypka, Mieczyslaw"]
[Black "Staniszewski, Piotr"]
[Result "1/2-1/2"]
[WhiteElo "2235"]
[BlackElo "2405"]
[PlyCount "101"]
[EventDate "1995.08.??"]
[EventType "swiss"]
[EventRounds "10"]
[EventCountry "POL"]
[SourceTitle "EXT 1997"]
[Source "ChessBase"]
[SourceDate "1996.11.15"]
[SourceVersion "1"]
[SourceVersionDate "1996.11.15"]
[SourceQuality "1"]

1. e4 g6 2. d4 Bg7 3. Nc3 d5 4. Nxd5 c6 5. Ne3 Qxd4 6. Qxd4 Bxd4 7. Nf3 Bg7 8. Bc4 Nd7 9. 0-0 Nc5 10. Ng5 Nh6 11. Rb1 f6 12. b4 Na4 13. Ne6 Bxe6 14. Bxe6 Nc3 15. Rb3 Ne2+ 16. Kh1 Nd4 17. Bd7+ Kxd7 18. Rd3 f5 19. Bb2 fxe4 20. Bxd4 exd3 21. Bxg7 Nf5 22. Bxh8 Nxe3 23. fxe3 Rxh8 24. Rd1 c5 25. Rxd3+ Kc6 26. Rc3 b6 27. Kg1 Rd8 28. Kf2 Rd2+ 29. Kf3 Kb5 30. bxc5 bxc5 31. Rb3+ Kc4 32. Ra3 Rxc2 33. Rxa7 h5 34. Rxe7 Rxa2 35. h4 Kb5 36. Rb7+ Ka4 37. e4 c4 38. e5 c3 39. e6 c2 40. e7 Ra3+ 41. Kf2 Re3 42. Rc7 Rxe7 43. Rxc2 Re4 44. g3 Kb5 45. Kf3 Rg4 46. Rc8 Kb6 47. Rf8 g5 48. Rg8 gxh4 49. Rxg4 hxg4+ 50. Kxg4 hxg3 51. Kxg3 1/2-1/2

[Event "POL-chT 50th"]
[Site "Lubniewice"]
[Date "1994.??.??"]
[Round "7"]
[White "Stypka, Mieczyslaw"]
[Black "Goj, Artur"]
[Result "1/2-1/2"]
[WhiteElo "2250"]
[BlackElo "2295"]
[PlyCount "58"]
[EventDate "1994.09.22"]
[EventType "team-tourn"]
[EventRounds "11"]
[EventCountry "POL"]
[SourceTitle "EXT 2019"]
[Source "ChessBase"]
[SourceDate "2018.10.10"]
[SourceVersion "1"]
[SourceVersionDate "2018.10.10"]
[SourceQuality "1"]
[WhiteTeam "Poznan Pocztowiec"]
[BlackTeam "Swietochlowice Slask"]
[WhiteTeamCountry "POL"]
[BlackTeamCountry "POL"]

1. e4 c5 2. Nf3 e6 3. d4 cxd4 4. Nxd4 a6 5. Bd3 Nc6 6. Nxc6 dxc6 7. 0-0 e5 8. Nd2 Ne7 9. Nc4 Ng6 10. Be3 Be6 11. Qh5 f6 12. Nb6 Rb8 13. Rad1 Qc7 14. c4 Qf7 15. g3 Bb4 16. a3 Ba5 17. Rc1 Nf8 18. Qxf7+ Bxf7 19. b4 Bxb6 20. Bxb6 Rc8 21. Be2 Nd7 22. Be3 Be6 23. Rfd1 g5 24. Rd6 Ke7 25. Rcd1 Rc7 26. f3 Ra8 27. c5 a5 28. R6d2 axb4 29. axb4 Rcc8 1/2-1/2

[Event "Katowice Fibak op"]
[Site "Katowice"]
[Date "1993.??.??"]
[Round "7"]
[White "Stypka, Mieczyslaw"]
[Black "Flis, Jacek"]
[Result "1/2-1/2"]
[WhiteElo "2235"]
[BlackElo "2345"]
[PlyCount "52"]
[EventDate "1993.01.??"]
[EventType "swiss"]
[EventRounds "9"]
[EventCountry "POL"]
[SourceTitle "EXT 1998"]
[Source "ChessBase"]
[SourceDate "1997.11.17"]
[SourceVersion "1"]
[SourceVersionDate "1997.11.17"]
[SourceQuality "1"]

1. e4 c5 2. Nf3 e6 3. d4 cxd4 4. Nxd4 Nc6 5. Nb5 d6 6. c4 Nf6 7. N1c3 a6 8. Na3 Be7 9. Be2 0-0 10. 0-0 Ne5 11. Be3 b6 12. f3 Ned7 13. Qe1 Bb7 14. Qf2 Rb8 15. Rfd1 Qc7 16. Bf1 h6 17. Kh1 Rfe8 18. Rd2 Bf8 19. Rad1 Kh8 20. Bf4 Ne5 21. Be3 Ba8 22. Rc2 Ned7 23. Bf4 Ne5 24. Be3 Ned7 25. Bf4 Ne5 26. Be3 Ned7 1/2-1/2

[Event "POL-chT 48th"]
[Site "Rewal"]
[Date "1992.09.24"]
[Round "7"]
[White "Pisulinski, Jan"]
[Black "Stypka, Mieczyslaw"]
[Result "1-0"]
[WhiteElo "2360"]
[BlackElo "2235"]
[PlyCount "79"]
[EventDate "1992.09.19"]
[EventType "team-tourn"]
[EventRounds "11"]
[EventCountry "POL"]
[SourceTitle "EXT 2019"]
[Source "ChessBase"]
[SourceDate "2018.10.10"]
[SourceVersion "1"]
[SourceVersionDate "2018.10.10"]
[SourceQuality "1"]
[WhiteTeam "Gorzow Wielkopolski Stilon"]
[BlackTeam "Poznan Pocztowiec"]
[WhiteTeamCountry "POL"]
[BlackTeamCountry "POL"]

1. d4 Nf6 2. c4 g6 3. Nc3 Bg7 4. e4 d6 5. Be2 0-0 6. Bg5 c5 7. d5 h6 8. Be3 e6 9. Qd2 exd5 10. cxd5 Re8 11. f3 h5 12. a4 Na6 13. Bb5 Bd7 14. Nge2 Nc7 15. Bd3 a6 16. a5 Qe7 17. Bf4 Rab8 18. 0-0 b5 19. b4 c4 20. Bc2 Nh7 21. Rad1 Rf8 22. Rfe1 Ne8 23. Nd4 Rc8 24. Be3 Nef6 25. h3 Kh8 26. f4 Ng8 27. Nf3 Rfe8 28. Bd4 Qf8 29. e5 Red8 30. e6 Be8 31. f5 fxe6 32. fxg6 Nhf6 33. dxe6 Bc6 34. Ng5 Bh6 35. Nf7+ Qxf7 36. exf7 Bxd2 37. Rxd2 Rf8 38. Rf2 Kg7 39. fxg8Q+ Rxg8 40. Rxf6 1-0